Revue des études slaves.

Bibliographic Details
Corporate Author: Université de Paris IV: Paris-Sorbonne. Institut d'études slaves
Format: Serial
Language:French
Published: Paris : Imprimerie Nationale [etc.]
Subjects:
Online Availability: Check for online availability

MARC

Tag First Indicator Second Indicator Subfields
LEADER 00000cas a22000001 4500
001 in00001503113
005 20151021081038.0
008 751101c19219999fr arz 0 b0fre
010 |a  31004852  
022 |a 0080-2557 
035 |a (OCoLC)01764107 
035 |9 AJJ2471AM 
040 |a DLC  |c MUL  |d COO  |d IUL  |d YUS  |d AIP  |d NSD  |d DLC  |d UtOrBLW 
042 |a nsdp  |a lcd  |a premarc 
049 |a TXAM 
050 0 0 |a PG1  |b .R4 
082 0 0 |a 491.805 
210 0 |a Rev. étud. slaves 
222 0 |a Revue des études slaves 
245 0 0 |a Revue des études slaves. 
264 1 |a Paris :  |b Imprimerie Nationale [etc.] 
300 |a volumes ;  |c 25 cm. 
310 |a Annual 
336 |a text  |b txt  |2 rdacontent 
337 |a unmediated  |b n  |2 rdamedia 
338 |a volume  |b nc  |2 rdacarrier 
362 0 |a t.1- 1921- 
510 2 |a America, history and life  |x 0002-7065  |b 1982- 
510 2 |a Historical abstracts. Part A. Modern history abstracts  |x 0363-2717  |b 1982- 
510 2 |a Historical abstracts. Part B. Twentieth century abstracts  |x 0363-2725  |b 1982- 
550 |a Issued by the Institut d'études slaves. 
555 |a v. 1-21, 1921-44 with v. 21; v. 22-31, 1945-54 with v. 31 
650 0 |a Slavic philology  |v Periodicals. 
710 2 |a Université de Paris IV: Paris-Sorbonne.  |b Institut d'études slaves. 
999 |a MARS 
999 f f |s dcb30a98-d93d-3937-bd73-dd5a5c08e8ba  |i 779febe7-51a1-3122-b392-d5036de7d710  |t 0 
952 f f |a Texas A&M University  |b College Station  |c Sterling C. Evans Library  |d Evans: Library Stacks  |e PG1 .R4  |h Library of Congress classification  |i unmediated -- volume  |k t.50:fasc.1-t.50:fasc.3  |l 1977-1977  |m A14824917967  |p serial  |s Evans stk  |t 0 
952 f f |a Texas A&M University  |b College Station  |c Sterling C. Evans Library  |d Evans: Library Stacks  |e PG1 .R4  |h Library of Congress classification  |i unmediated -- volume  |k t.57:fasc.1-t.57:fasc.3  |l 1985-1985  |m A14824918060  |p serial  |s Evans stk  |t 0 
952 f f |a Texas A&M University  |b College Station  |c Sterling C. Evans Library  |d Evans: Library Stacks  |e PG1 .R4  |h Library of Congress classification  |i unmediated -- volume  |k t.53:fasc.2  |l 1981  |m A14824917917  |p serial  |s Evans stk  |t 0 
952 f f |a Texas A&M University  |b College Station  |c Sterling C. Evans Library  |d Evans: Library Stacks  |e PG1 .R4  |h Library of Congress classification  |i unmediated -- volume  |k t.59:fasc.3-t.59:fasc.4  |l 1987-1987  |m A14824918010  |p serial  |s Evans stk  |t 0 
952 f f |a Texas A&M University  |b College Station  |c Sterling C. Evans Library  |d Evans: Library Stacks  |e PG1 .R4  |h Library of Congress classification  |i unmediated -- volume  |k t.55  |l 1983  |m A14824917412  |p serial  |s Evans stk  |t 0 
952 f f |a Texas A&M University  |b College Station  |c Sterling C. Evans Library  |d Evans: Library Stacks  |e PG1 .R4  |h Library of Congress classification  |i unmediated -- volume  |k t.34:fasc.1/2  |l 1957  |m A14829261515  |p serial  |s Evans stk  |t 0 
952 f f |a Texas A&M University  |b College Station  |c Sterling C. Evans Library  |d Evans: Library Stacks  |e PG1 .R4  |h Library of Congress classification  |i unmediated -- volume  |k t.23:fasc.1/4  |l 1947  |m A14831826868  |p serial  |s Evans stk  |t 0 
952 f f |a Texas A&M University  |b College Station  |c Sterling C. Evans Library  |d Evans: Library Stacks  |e PG1 .R4  |h Library of Congress classification  |i unmediated -- volume  |k t.54  |l 1982  |m A14824917462  |p serial  |s Evans stk  |t 0 
952 f f |a Texas A&M University  |b College Station  |c Sterling C. Evans Library  |d Evans: Library Stacks  |e PG1 .R4  |h Library of Congress classification  |i unmediated -- volume  |k t.24:fasc.1/4  |l 1948  |m A14831826826  |p serial  |s Evans stk  |t 0 
998 f f |a PG1 .R4  |s t.59:fasc.3-4 (1987)  |t 0  |l Evans: Library Stacks